[Event "Druzynowe Mistrzostwa Polski Juniorow - II liga"]
[Site "Sypniewo k. Jastrowia"]
[Date "2023-06-16"]
[Round "3.71"]
[White "Bartoszek, Julia"]
[Black "Kieca, Aleksandra"]
[Result "0-1"]
[WhiteTitle "I"]
[BlackTitle "I++"]
[WhiteElo "1373"]
[BlackElo "1521"]

1. e4 2. c5 3. Nf3 4. e6 5. d4 6. cxd4 7. Nxd4 8. a6 9. Nc3 10. b5 11. a3 12. Bb7
13. Be3 14. Qc7 15. Bd3 16. Nf6 17. O-O 18. Be7 19. Re1 20. d6 21. Qe2 22. O-O
23. Rad1 24. Nbd7 25. f3 26. Rac8 27. Rc1 28. d5 29. exd5 30. Nxd5 31. Nxd5 32.
Bxd5 33. Nb3 34. Bd6 35. h3 36. Bg3 37. Bf2 38. Bh2+ 39. Kh1 40. Bd6 41. Nd2 42.
Ne5 43. Bg3 44. Nxd3 45. Bxd6 46. Nxc1 47. Qe5 48. Qxc2 49. Bxf8 50. Rxf8 51.
Qg5 52. Qxb2 53. Ne4 54. Bxe4 55. Rxe4 56. Nd3 57. Rh4 58. Qc1+ 59. Qxc1 60. Nxc1
61. a4 62. bxa4 63. Rxa4 64. Ra8 0-1

[Event "Druzynowe Mistrzostwa Polski Juniorow - II liga"]
[Site "Sypniewo k. Jastrowia"]
[Date "2023-06-16"]
[Round "3.72"]
[White "Gorecka, Laura"]
[Black "Kretowicz, Daria"]
[Result "0-1"]
[WhiteTitle "II+"]
[BlackTitle "I"]
[WhiteElo "1158"]
[BlackElo "1255"]

1. e4 2. c5 3. Nf3 4. e6 5. d4 6. cxd4 7. Nxd4 8. a6 9. c4 10. Nc6 11. Be3 12.
Nf6 13. Nc3 14. Bb4 15. Nxc6 16. Bxc3+ 17. bxc3 18. bxc6 19. Bg5 20. h6 21. Bh4
22. g5 23. Bg3 24. c5 25. e5 26. Ne4 27. Qf3 28. Bb7 29. Qe3 30. Qa5 31. Be2 32.
Qxc3+ 33. Qxc3 34. Nxc3 35. Bf1 36. Ne4 37. Be2 38. Nxg3 39. fxg3 40. Bxg2 41.
Rg1 42. Be4 43. Rf1 44. Bg6 45. Bf3 46. Rb8 47. h4 48. Rb1+ 49. Rxb1 50. Bxb1
51. a3 52. Bg6 53. Rh1 54. gxh4 55. Rxh4 56. Ke7 57. g4 58. Rh7 59. Ke2 60. f5
61. gxf5 62. Bxf5 63. a4 64. a5 65. Ke3 66. Bc2 67. Be4 68. Bxe4 69. Kxe4 70.
d6 71. exd6+ 72. Kxd6 73. Rh1 74. Rb7 75. Rd1+ 76. Ke7 77. Kd3 78. Rd7+ 79. Kc2
80. Rxd1 81. Kxd1 82. Kd6 83. Kd2 84. Ke5 85. Ke3 86. h5 87. Kf3 88. Kd4 89. Kf4
90. Kxc4 91. Kg5 92. Kb4 93. Kxh5 94. Kxa4 95. Kg5 96. c4 97. Kf4 98. Kb3 99.
Ke4 100. c3 101. Kd3 102. Kb2 103. Ke2 104. c2 105. Kd2 106. c1=Q+ 107. Ke2 108.
Qc3 109. Kd1 110. Qc2+ 111. Ke1 112. Kc3 113. Kf1 114. Kd3 115. Kg1 116. Ke3 117.
Kh1 118. Kf3 119. Kg1 120. Qg2# 0-1

[Event "Druzynowe Mistrzostwa Polski Juniorow - II liga"]
[Site "Sypniewo k. Jastrowia"]
[Date "2023-06-17"]
[Round "4.1"]
[White "Kolodziejski, Piotr"]
[Black "Zalega, Maciej"]
[Result "1-0"]
[WhiteTitle "k"]
[BlackTitle "I++"]
[WhiteElo "2049"]
[BlackElo "2166"]

1. d4 2. Nf6 3. c4 4. g6 5. h4 6. Bg7 7. Nc3 8. d5 9. h5 10. Nxh5 11. cxd5 12.
c6 13. e4 14. cxd5 15. e5 16. Bf8 17. g4 18. Ng7 19. Bg2 20. e6 21. Bh6 22. Nc6
23. Qd2 24. Qb6 25. Nf3 26. Bd7 27. Rd1 28. Rg8 29. Ng5 30. Be7 31. Qf4 32. Bxg5
33. Bxg5 34. h5 35. Qf6 36. Qxb2 37. Rh3 38. Qb4 39. Rb1 40. Qxd4 41. Nb5 42.
Qxe5+ 43. Qxe5 44. Nxe5 45. Nc7+ 46. Kf8 47. Nxa8 48. hxg4 49. Ra3 50. Bc6 51.
Rxa7 52. Nf5 53. Nb6 54. Kg7 55. Kd2 56. f6 57. Bf4 58. Nf3+ 59. Bxf3 60. gxf3
61. Rc1 62. Kh8 63. Rh1+ 64. Kg7 65. Rc1 66. Kh8 67. Bc7 68. e5 69. a4 70. e4
71. a5 72. d4 73. Nc4 74. Rc8 75. Bf4 76. g5 77. Nd6 78. e3+ 79. Ke1 80. Rg8 81.
Bh2 82. Nh4 83. a6 84. Ng2+ 85. Kf1 86. e2+ 87. Kg1 88. Rg7 89. Ra8+ 90. Kh7 91.
a7 92. b6 93. Rc8 94. Re7 95. Bg3 96. d3 97. Nc4 98. Rxa7 99. Rxc6 100. b5 101.
Nd2 102. Ra2 103. Nxf3 104. g4 105. Kxg2 106. gxf3+ 107. Kxf3 108. Rd2 109. Rh1+
110. Kg6 111. Bf4 112. Rd1 113. Rc1 1-0

[Event "Druzynowe Mistrzostwa Polski Juniorow - II liga"]
[Site "Sypniewo k. Jastrowia"]
[Date "2023-06-17"]
[Round "4.2"]
[White "Starosciak, Szymon"]
[Black "Kejna, Piotr"]
[Result "1/2-1/2"]
[WhiteTitle "I++"]
[BlackTitle "CM"]
[WhiteElo "1928"]
[BlackElo "1991"]

1. e4 2. e6 3. d4 4. d5 5. Nd2 6. Be7 7. Bd3 8. c5 9. dxc5 10. Bxc5 11. Ngf3 12.
Nf6 13. O-O 14. Nc6 15. c3 16. O-O 17. Qe2 18. b6 19. b4 20. Be7 21. Bb2 22. Bb7
23. Rfd1 24. Qc7 25. a3 26. Ne5 27. Nxe5 28. Qxe5 29. exd5 30. Qxe2 31. Bxe2 32.
Bxd5 33. c4 34. Bb7 35. Bf3 36. Bxf3 37. Nxf3 38. Rac8 39. Ne5 40. Rc7 41. b5
42. Ne4 43. Nc6 44. Bc5 45. Bd4 46. a6 47. Bxc5 48. Nxc5 49. f3 50. g6 51. Rd6
52. axb5 53. cxb5 54. Ra8 55. Nb4 56. Na4 57. Na6 58. Rc2 59. Rc6 60. Rc8 61.
Nb4 62. Rc5 63. Rxc8+ 64. Rxc8 65. Nc6 66. Ra8 67. Rc1 68. Kf8 69. Ne5 70. Ra5
71. Rc8+ 72. Kg7 73. Rc7 74. Rxb5 75. Rxf7+ 76. Kg8 77. Ra7 78. Rxe5 79. Rxa4
80. g5 81. Ra7 82. h6 83. Kf2 84. b5 85. Rb7 86. Rc5 87. Kg3 88. Rc3 89. Rxb5
90. Rxa3 91. Rb7 92. Ra2 93. Rc7 1/2-1/2

[Event "Druzynowe Mistrzostwa Polski Juniorow - II liga"]
[Site "Sypniewo k. Jastrowia"]
[Date "2023-06-17"]
[Round "4.3"]
[White "Komendecki, Antoni"]
[Black "Ratajczak, Hubert"]
[Result "1-0"]
[WhiteTitle "I++"]
[BlackTitle "I"]
[WhiteElo "1965"]
[BlackElo "1958"]

1. e4 2. g6 3. g3 4. Bg7 5. Bg2 6. c5 7. Nf3 8. Nf6 9. d3 10. Nc6 11. O-O 12. O-O
13. Re1 14. d6 15. Nbd2 16. e5 17. Nf1 18. Ne8 19. Ne3 20. Nc7 21. Nd5 22. Nxd5
23. exd5 24. Ne7 25. Nd2 26. b5 27. c4 28. b4 29. a3 30. bxa3 31. Rxa3 32. a5
33. Ne4 34. h6 35. Nxc5 36. dxc5 37. d6 38. Ra7 39. dxe7 40. Qxe7 41. Bd2 42.
Bb7 43. Qc2 44. Bxg2 45. Kxg2 46. Qb7+ 47. Kg1 48. f5 49. Rxa5 50. Rxa5 51. Bxa5
52. f4 53. Bc3 54. Qd7 55. Qd1 56. Rf5 57. Qe2 58. f3 59. Qe4 60. Kh7 61. Re3
62. Qf7 63. h3 64. h5 65. Qd5 66. Qxd5 67. cxd5 68. Kg8 69. Kh2 70. h4 71. gxh4
72. Bh6 73. Re4 74. Bf4+ 75. Kg1 g5 76. h5 77. g4 78. d6 79. Kf7 80. d7 81. Ke7
82. hxg4 83. Rg5 84. Kf1 85. Kxd7 86. Rxf4 87. exf4 88. h6 89. Rxg4 90. h7 91.
Rh4 92. h8=Q 93. Rxh8 94. Bxh8 95. Kc6 96. Ke1 97. Kb5 98. Kd2 1-0

[Event "Druzynowe Mistrzostwa Polski Juniorow - II liga"]
[Site "Sypniewo k. Jastrowia"]
[Date "2023-06-17"]
[Round "4.4"]
[White "Prokopiuk, Jakub"]
[Black "Kawulski-chodkiewicz, Alexander"]
[Result "1-0"]
[WhiteTitle "I"]
[BlackTitle "I"]
[WhiteElo "1522"]
[BlackElo "1697"]

1. c4 2. Nf6 3. Nc3 4. e5 5. g3 6. Nc6 7. Bg2 8. Bb4 9. e3 10. O-O 11. Nge2 12.
Re8 13. a3 14. Bxc3 15. Nxc3 16. d6 17. O-O 18. Be6 19. b3 20. Qd7 21. d4 22.
Bh3 23. d5 24. Bxg2 25. Kxg2 26. Ne7 27. e4 28. c6 29. Bg5 30. cxd5 31. Bxf6 32.
gxf6 33. Nxd5 34. Nxd5 35. Qxd5 36. Rac8 37. Rfd1 38. Red8 39. Rd2 40. b6 41.
Rad1 42. Rc6 43. Qd3 44. a5 45. a4 46. Qe6 47. Qf3 48. Kh8 49. Rd3 50. Rg8 51.
h4 52. h6 53. Qh5 54. Kh7 55. Rf3 56. Rg6 57. Qf5 58. Qxf5 59. Rxf5 60. Kg7 61.
Rd3 62. Rg4 63. Rdf3 64. d5 65. cxd5 66. Rd6 67. Re3 68. Kf8 69. f3 70. Rg8 71.
Rc3 72. Kg7 73. f4 74. Re8 75. fxe5 76. fxe5 77. Rc7 78. Rf6 79. Rxf6 80. Kxf6
81. Rc6+ 82. Ke7 83. Rxb6 84. Rc8 85. h5 86. f6 87. Rb7+ 88. Kf8 89. Kf3 90. Rc2
91. Kg4 92. Rf2 93. Ra7 94. f5+ 95. exf5 96. e4 97. Ra6 1-0

[Event "Druzynowe Mistrzostwa Polski Juniorow - II liga"]
[Site "Sypniewo k. Jastrowia"]
[Date "2023-06-17"]
[Round "4.5"]
[White "Romejko, Jagoda"]
[Black "Goraj, Barbara"]
[Result "0-1"]
[WhiteTitle "I"]
[BlackTitle "WCM"]
[WhiteElo "1525"]
[BlackElo "2176"]

1. e4 2. c5 3. Nf3 4. d6 5. d4 6. cxd4 7. Nxd4 8. Nf6 9. Nc3 10. Nc6 11. Be2 12.
e5 13. Nb3 14. Be7 15. O-O 16. O-O 17. Re1 18. a5 19. a4 20. Be6 21. Nd2 22. d5
23. exd5 24. Nxd5 25. Nxd5 26. Bxd5 27. Bb5 28. Qc7 29. c3 30. Rad8 31. Qe2 32.
f5 33. Nc4 34. e4 35. Be3 36. Bxc4 37. Qxc4+ 38. Kh8 39. Bd4 40. Bd6 41. h3 42.
Nxd4 43. cxd4 44. Qe7 45. Rac1 46. Qg5 47. Qc2 48. Rf6 49. Bf1 50. Qf4 51. g3
52. Qg5 53. Qb3 54. Bb4 55. Re3 56. Bd2 57. Rcc3 58. Bxe3 59. Rxe3 60. Rfd6 61.
Qc3 62. Rxd4 63. Qxa5 64. Qf6 65. Qc7 66. R4d7 67. Qc2 68. Rd2 69. Qc5 70. Rxb2
71. a5 72. h6 73. Qc4 74. Kh7 75. Kg2 76. Rdd2 77. Re2 78. Qc6 79. Rxd2 80. Qxc4
81. Bxc4 82. Rxd2 83. Kf1 84. Rd4 85. Be6 86. Kg6 87. Bc8 88. Ra4 89. Bxb7 90.
Rxa5 91. Ke2 92. Ra3 93. Bc8 94. Kf6 95. h4 96. g5 97. hxg5+ 98. hxg5 99. g4 100.
f4 101. Bb7 102. Ke5 103. Bc8 104. Kd4 105. Be6 106. f3+ 0-1

[Event "Druzynowe Mistrzostwa Polski Juniorow - II liga"]
[Site "Sypniewo k. Jastrowia"]
[Date "2023-06-17"]
[Round "4.6"]
[White "Rusiecki, Katarzyna"]
[Black "Miklosz, Malgorzata"]
[Result "1-0"]
[WhiteTitle "I+"]
[BlackTitle "I"]
[WhiteElo "1332"]
[BlackElo "1299"]

1. d4 2. d5 3. c4 4. e6 5. Nf3 6. Nf6 7. Nc3 8. c6 9. Bg5 10. Nbd7 11. cxd5 12.
exd5 13. e3 14. Qa5 15. Nd2 16. Be7 17. Nb3 18. Qd8 19. Bd3 20. h6 21. Bh4 22.
b6 23. O-O 24. O-O 25. Rc1 26. Bb7 27. Be2 28. Ne4 29. Bxe7 30. Qxe7 31. Nxe4
32. dxe4 33. Qc2 34. f5 35. Nd2 36. Kh8 37. Qb3 38. c5 39. dxc5 40. Nxc5 41. Qa3
42. Qd7 43. Nc4 44. Qe6 45. b4 Nd7 46. Rcd1 47. Bd5 48. Rd4 49. b5 50. Na5 51.
a6 52. Nb3 53. Ne5 54. Nc5 55. Qc6 56. Rfd1 57. Rfd8 58. Qb2 59. Rd6 60. a4 61.
Rad8 62. axb5 63. axb5 64. Qd2 65. Kh7 66. Ne6 67. Rxe6 68. Rxd5 69. Rb8 70. Qd4
71. Nc4 72. Bxc4 73. Qxc4 74. Rxf5 75. Ra6 76. h4 77. Ra4 78. Qe5 79. Rb6 80.
h5 81. Rxb4 82. Rd7 83. Rb1+ 84. Kh2 85. Qg8 86. Rff7 87. Qb8 88. Rxg7+ 89. Kh8
90. Rc7 91. Rf6 92. Qxf6 93. Qg8 94. Rh7# 1-0

[Event "Druzynowe Mistrzostwa Polski Juniorow - II liga"]
[Site "Sypniewo k. Jastrowia"]
[Date "2023-06-17"]
[Round "4.7"]
[White "Jendrowiak, Maciej"]
[Black "Rychlik, Michal"]
[Result "1/2-1/2"]
[WhiteTitle "I"]
[BlackTitle "I"]
[WhiteElo "1892"]
[BlackElo "1839"]

1. d4 2. g6 3. e4 4. Bg7 5. c4 6. d6 7. Nf3 8. Nf6 9. Nc3 10. O-O 11. Be2 12. Na6
13. O-O 14. e5 15. dxe5 16. dxe5 17. Qc2 18. c6 19. Nxe5 20. Re8 21. f4 22. Nc5
23. Bf3 24. Ne6 25. Be3 26. Nd4 27. Qf2 28. Nxf3+ 29. Qxf3 30. Qe7 31. Rad1 32.
Be6 33. c5 34. Rad8 35. g4 36. Nd7 37. Nxd7 38. Bxd7 39. e5 40. f6 41. exf6 42.
Bxf6 43. Bf2 44. Qg7 45. Ne4 46. Bxb2 47. Nd6 48. Re7 49. Nxb7 50. Rf8 51. Nd6
52. h5 53. h3 54. Be5 55. Be3 56. hxg4 57. Qg3 58. Bxd6 59. Rxd6 60. Qc3 61. Kf2
62. Qc2+ 63. Rd2 64. Qf5 65. hxg4 66. Qxg4 67. Qxg4 68. Bxg4 69. Rd6 70. Re6 71.
Rg1 72. Rxd6 73. cxd6 74. Bf5 75. a3 76. Rb8 77. Rd1 78. a5 79. Rc1 80. Bd7 81.
Bc5 82. Rb5 83. Ke3 84. Bf5 85. Kd4 86. Kf7 87. Re1 88. Rb7 89. Re7+ 90. Rxe7
91. dxe7 92. a4 93. Ke5 94. Ke8 95. Kd6 96. Be4 97. Bf2 98. Bd5 99. Bh4 100. Be4
101. Kc5 102. Bd5 1/2-1/2

[Event "Druzynowe Mistrzostwa Polski Juniorow - II liga"]
[Site "Sypniewo k. Jastrowia"]
[Date "2023-06-17"]
[Round "4.8"]
[White "Haluja, Wiktor"]
[Black "Wierzbicki, Dawid"]
[Result "1/2-1/2"]
[WhiteTitle "II+"]
[BlackTitle "I"]
[WhiteElo "1573"]
[BlackElo "1762"]

1. e4 2. Nc6 3. Nf3 4. d6 5. d4 6. g6 7. c3 8. Bg7 9. Bd3 10. e5 11. dxe5 12. Nxe5
13. Nxe5 14. dxe5 15. O-O 16. Ne7 17. Bb5+ 18. c6 19. Qxd8+ 20. Kxd8 21. Bc4 22.
Be6 23. Bxe6 24. fxe6 25. Be3 26. Kc7 27. Nd2 28. Rad8 29. Rfd1 30. Nc8 31. a4
32. h6 33. a5 34. Rd3 35. Nc4 36. Rhd8 37. Rxd3 38. Rxd3 39. Kf1 40. g5 41. Ke2
42. Rd7 43. h4 44. gxh4 45. Rh1 46. Bf6 47. Bxh6 48. b5 49. axb6+ 50. axb6 51.
Ne3 52. Nd6 53. Ng4 54. Rh7 55. Nxf6 56. Rxh6 57. Ng4 58. Rh5 59. Kd3 60. b5 61.
b3 62. Nb7 63. b4 64. Nd6 65. Ne3 66. Rh8 67. Rh3 68. Rd8 69. Kc2 70. Nxe4 71.
f3 72. Ng3 73. Rxh4 74. Nf5 75. Nxf5 76. exf5 77. g4 78. fxg4 1/2-1/2

[Event "Druzynowe Mistrzostwa Polski Juniorow - II liga"]
[Site "Sypniewo k. Jastrowia"]
[Date "2023-06-17"]
[Round "4.9"]
[White "Oles, Mateusz"]
[Black "Majcher, Igor"]
[Result "0-1"]
[WhiteTitle "II"]
[BlackTitle "I"]
[WhiteElo "1471"]
[BlackElo "1732"]

1. e4 2. c5 3. Nf3 4. d6 5. c3 6. Nf6 7. Be2 8. g6 9. O-O 10. Bg7 11. Qc2 12. Qc7
13. h3 14. O-O 15. Na3 16. a6 17. d3 18. Nbd7 19. Nh2 20. b5 21. f4 22. Bb7 23.
Bf3 24. e5 25. Qe2 26. d5 27. g3 28. c4 29. exd5 30. cxd3 31. Qg2 32. Qc5+ 33.
Kh1 34. e4 35. Bg4 36. Bxd5 37. b4 38. Qxc3 39. Bb2 40. Qxb4 41. Bxd7 42. Nxd7
43. Bxg7 44. Kxg7 45. Nb1 46. Nb6 47. Nd2 48. Qxd2 49. Qxd2 50. e3+ 51. Qg2 52.
Bxg2+ 53. Kxg2 54. e2 55. Rfe1 56. Rad8 57. Nf1 58. d2 59. Nxd2 60. Rxd2 61. Kf3
62. Re8 63. Rac1 64. Nc4 65. f5 66. Nb2 67. Kg4 68. h5+ 69. Kg5 70. f6+ 71. Kh4
72. Nd3 73. Rc7+ 74. Kh6 75. g4 76. g5+ 77. Kg3 78. h4+ 79. Kh2 80. Nxe1 0-1

[Event "Druzynowe Mistrzostwa Polski Juniorow - II liga"]
[Site "Sypniewo k. Jastrowia"]
[Date "2023-06-17"]
[Round "4.11"]
[White "Nieckarz, Maja"]
[Black "Lopusiewicz, Marta"]
[Result "1/2-1/2"]
[WhiteTitle "I++"]
[BlackTitle "II+"]
[WhiteElo "1514"]
[BlackElo "1153"]

1. e4 2. g6 3. d4 4. Bg7 5. Be3 6. d6 7. Nc3 8. a6 9. a4 10. e6 11. Nf3 12. b6
13. Qd2 14. Nd7 15. Bg5 16. f6 17. Be3 18. e5 19. dxe5 20. fxe5 21. Bc4 22. Ndf6
23. Ng5 24. Nh6 25. h3 26. Rf8 27. Nxh7 28. Nxh7 29. Bxh6 30. Bxh6 31. Qxh6 32.
Qf6 33. O-O-O 34. Qg5+ 35. Qxg5 36. Nxg5 37. h4 38. Ne6 39. Bd5 40. Rb8 41. f3
42. Nf4 43. Rd2 44. Bd7 45. b4 46. c6 47. Bb3 48. Ke7 49. Rhd1 50. Rf6 51. Rf2
52. Rh8 53. g3 54. Nh5 55. Ne2 56. Rhf8 57. f4 58. exf4 59. gxf4 60. Nxf4 61.
Nxf4 62. Rxf4 63. Rfd2 64. Bg4 65. Re1 Rf1 66. Rxf1 67. Rxf1+ 68. Kb2 69. Re1
70. Rf2 71. Be6 72. Rg2 73. Bxb3 74. Kxb3 75. Rxe4 76. Rxg6 77. Rxh4 78. Rg7+
79. Ke6 80. Ra7 81. c5 82. bxc5 83. dxc5 1/2-1/2

[Event "Druzynowe Mistrzostwa Polski Juniorow - II liga"]
[Site "Sypniewo k. Jastrowia"]
[Date "2023-06-17"]
[Round "4.13"]
[White "Szymkiewicz, Witold"]
[Black "Halhoul, Adam"]
[Result "1-0"]
[WhiteTitle "I+"]
[BlackTitle "I"]
[WhiteElo "1820"]
[BlackElo "1759"]

1. d4 2. d5 3. c4 4. e6 5. Nc3 6. c6 7. e4 8. dxe4 9. Nxe4 10. Bb4+ 11. Nc3 12.
e5 13. Be3 14. Qa5 15. Qb3 16. Nf6 17. a3 18. exd4 19. Bxd4 20. Bc5 21. Bxf6 22.
gxf6 23. Bd3 24. Bd6 25. Nf3 26. Bg4 27. Qxb7 28. O-O 29. b4 30. Re8+ 31. Ne2
32. Qh5 33. O-O-O 34. Nd7 35. Qxc6 36. Bf8 37. h3 38. Be6 39. Kb1 40. Bf5 41.
Nf4 42. Bxd3+ 43. Rxd3 44. Qf5 45. Qxd7 46. Qxf4 47. Qg4+ 48. Qxg4 49. hxg4 50.
Re4 51. Rd4 52. Re2 53. Rd2 54. Re4 55. Rd4 56. Re2 57. c5 58. a5 59. Rhd1 60.
axb4 61. axb4 62. Rxf2 63. R4d2 64. Rxd2 65. Rxd2 66. Rb8 67. Rb2 68. Kg7 69.
Kc2 70. Kg6 71. Kc3 72. f5 73. gxf5+ 74. Kxf5 75. Kc4 76. Ke6 77. b5 78. Ra8 79.
b6 80. Kd7 81. Ne5+ 82. Kc8 83. b7+ 1-0

[Event "Druzynowe Mistrzostwa Polski Juniorow - II liga"]
[Site "Sypniewo k. Jastrowia"]
[Date "2023-06-17"]
[Round "4.14"]
[White "Bednarczyk, Mateusz"]
[Black "Jankowski, Franciszek"]
[Result "1-0"]
[WhiteTitle "I"]
[BlackTitle "I"]
[WhiteElo "1681"]
[BlackElo "1533"]

1. e4 2. c6 3. c4 4. d5 5. exd5 6. cxd5 7. cxd5 8. Nf6 9. Nc3 10. Nxd5 11. Bc4
12. e6 13. Nf3 14. Be7 15. O-O 16. O-O 17. d4 18. Nc6 19. a3 20. a6 21. Bd3 22.
h6 23. Be3 24. b6 25. Rc1 26. Bb7 27. Bb1 28. Rc8 29. Qd3 30. f5 31. Ba2 32. Qd7
33. Rfd1 34. Kh8 35. Ne5 36. Nxe5 37. dxe5 38. Rfd8 39. Bxd5 40. Bxd5 41. Bxb6
42. Re8 43. Nxd5 44. exd5 45. g3 46. Qe6 47. Bd4 48. Rc4 49. Rxc4 50. dxc4 51.
Qe3 52. Rd8 53. Re1 54. Qd5 55. Bc3 56. Bc5 57. Qf4 58. Qd3 59. e6 60. Kh7 61.
Qe5 62. Kg6 63. Qxg7+ 64. Kh5 65. Qf7+ 66. Kg5 67. Bf6+ 68. Kg4 69. Qg6+ 1-0

[Event "Druzynowe Mistrzostwa Polski Juniorow - II liga"]
[Site "Sypniewo k. Jastrowia"]
[Date "2023-06-17"]
[Round "4.15"]
[White "Ladon, Jeremi"]
[Black "Sakharchuk, Aliaksandr"]
[Result "0-1"]
[WhiteTitle "II"]
[BlackTitle "II+"]
[WhiteElo "1208"]
[BlackElo "1509"]

1. e4 2. e6 3. d4 4. d5 5. exd5 6. exd5 7. Bd3 8. Nf6 9. Nf3 Bd6 10. Qe2+ 11. Be6
12. c4 13. c6 14. c5 15. Bc7 16. Bg5 17. Nbd7 18. Ne5 19. O-O 20. Nxd7 21. Bxd7
22. O-O 23. Re8 24. Bxf6 Qxf6 25. Qd2 26. g6 27. Bc2 28. Qh4 29. h3 30. g5 31.
g3 32. Qh5 33. Bd1 34. Qg6 35. Bc2 36. Bf5 37. Bxf5 38. Qxf5 39. Kh2 40. h5 41.
Kg2 42. f6 43. Nc3 44. Re6 45. Rfe1 46. Rae8 47. Rxe6 48. Qxe6 49. Qd3 50. Kg7
51. Rg1 52. Ba5 53. b4 54. Bxb4 55. Rb1 56. Bxc3 57. Rxb7+ 58. Re7 59. Rxe7+ 60.
Qxe7 61. Qxc3 62. Qe4+ 63. Kh2 64. Qe2 65. Qe3 66. Qxe3 67. fxe3 68. Kg6 69. g4
70. hxg4 71. hxg4 72. f5 73. Kg3 74. fxg4 75. Kxg4 76. Kf6 77. a3 78. a6 79. Kf3
80. Kf5 81. e4+ dxe4+ 82. Kf2 83. Ke6 0-1

[Event "Druzynowe Mistrzostwa Polski Juniorow - II liga"]
[Site "Sypniewo k. Jastrowia"]
[Date "2023-06-17"]
[Round "4.16"]
[White "Nagly, Krzysztof"]
[Black "Okragly, Natan"]
[Result "1/2-1/2"]
[WhiteTitle "II"]
[BlackTitle "II"]
[WhiteElo "1459"]
[BlackElo "1177"]

1. e4 2. e5 3. Nf3 4. Nc6 5. Bb5 6. Nf6 7. d4 8. exd4 9. e5 10. Nd5 11. Bc4 12.
Nb6 13. Bb3 14. Bc5 15. O-O 16. O-O 17. Nbd2 18. d5 19. exd6 20. Bxd6 21. Ne4
22. Bg4 23. h3 24. Bh5 25. g4 26. Bg6 27. Ng3 28. Bxg3 29. fxg3 30. Kh8 31. Bf4
32. Nd5 33. h4 34. Nxf4 35. gxf4 36. f5 37. Ng5 38. fxg4 39. Qxg4 40. Na5 41.
f5 42. Nxb3 43. Ne6 44. Qe7 45. axb3 46. Rf6 47. Rae1 48. Be8 49. Qxd4 50. Bb5
51. c4 52. Bc6 53. Qf4 54. Rc8 55. Nd4 56. Qc5 57. Re5 58. Qd6 59. c5 60. Qd7
61. Rfe1 62. h6 63. Qg4 64. Rf7 65. Nxc6 66. Qxc6 67. Qh5 68. Rcf8 69. b4 70.
Qd7 71. Rd1 72. Qa4 73. Qg4 74. Qc2 75. Rf1 76. Qxb2 77. Re6 78. Rd7 79. Qf4 80.
Qd4+ 81. Qxd4 82. Rxd4 83. Re7 84. Rg4+ 85. Kh2 86. Rxh4+ 87. Kg3 88. Rxb4 89.
Rxc7 90. a5 91. c6 92. bxc6 93. Rxc6 94. Rf6 95. Rc8+ 96. Kh7 97. Ra8 98. a4 99.
Ra5 100. Rb3+ 101. Kf4 102. Rb4+ 103. Ke5 104. Rfb6 105. Ra7 106. h5 107. Rg1
108. Rb7 109. Ra8 110. h4 111. Rg5 112. Rb8 113. Ra7 114. R8b7 115. Ra8 Rb8 116.
Ra7 R8b7 1/2-1/2

[Event "Druzynowe Mistrzostwa Polski Juniorow - II liga"]
[Site "Sypniewo k. Jastrowia"]
[Date "2023-06-17"]
[Round "4.17"]
[White "Walewska, Natalia"]
[Black "Nagly, Malgorzata"]
[Result "1-0"]
[WhiteTitle "I"]
[BlackTitle "II"]
[WhiteElo "1267"]
[BlackElo "1021"]

1. c4 2. e5 3. Nc3 4. c6 5. e4 6. Bc5 7. d3 8. d6 9. g3 10. f5 11. Bg2 12. Nf6
13. Nge2 14. fxe4 15. Nxe4 16. Bb6 17. O-O 18. d5 19. Nxf6+ 20. gxf6 21. cxd5
22. cxd5 23. d4 24. e4 25. f3 26. Nc6 27. Kh1 28. f5 29. fxe4 30. fxe4 31. Be3
32. Bg4 33. Rf2 34. Qd6 35. Rf4 36. Bxe2 37. Qxe2 38. Bxd4 39. Qh5+ 40. Kd8 41.
Qg5+ 42. Kc7 43. Bxd4 44. Nxd4 45. Qg7+ 46. Qd7 47. Rf7 48. Qxf7 49. Qxf7+ 50.
Kb6 51. Qxd5 52. Rad8 53. Qxe4 54. h5 55. Qxb7+ 56. Kc5 57. Rc1+ 58. Kd6 59. Qc7+
60. Ke6 61. Re1+ 62. Kf6 63. Qe7+ 64. Kg6 65. Be4+ 66. Kh6 67. Qf6# 1-0

[Event "Druzynowe Mistrzostwa Polski Juniorow - II liga"]
[Site "Sypniewo k. Jastrowia"]
[Date "2023-06-17"]
[Round "4.18"]
[White "Popczynska, Michalina"]
[Black "Matyrzynska, Walentyna"]
[Result "1-0"]
[WhiteTitle "I"]
[BlackTitle "II"]
[WhiteElo "1457"]
[BlackElo "1078"]

1. e4 2. c5 3. Nf3 4. d6 5. d4 6. cxd4 7. Nxd4 8. Nf6 9. Nc3 10. a6 11. f3 12.
e6 13. Be3 14. b5 15. g4 16. Be7 17. Qd2 18. Bb7 19. O-O-O 20. Nfd7 21. g5 22.
O-O 23. h4 24. Nb6 25. h5 26. b4 27. Nb1 28. N8d7 29. g6 30. h6 31. gxf7+ 32.
Rxf7 33. Rg1 34. Kh8 35. Nxe6 36. Qg8 37. Bxh6 38. gxh6 39. Rxg8+ 40. Rxg8 41.
Qxh6+ 42. Rh7 43. Qe3 44. Nc8 45. Nd2 46. Bf6 47. Bd3 48. Rxh5 49. Qe2 50. Nf8
51. Nxf8 52. Rxf8 53. f4 54. Rh4 55. Bc4 56. Ne7 57. Rg1 58. Bd4 59. Rf1 60. Ng6
61. Qd3 62. Bc5 63. Qg3 64. Rh6 65. Nb3 66. Bb6 67. Nd2 68. Bd4 69. c3 70. bxc3
71. bxc3 72. Bf6 73. Qd3 74. Be7 75. Bd5 76. Nxf4 77. Rxf4 78. Rxf4 79. Bxb7 80.
Rh1+ 81. Kc2 82. Rh2 83. Kb3 84. Rff2 85. Nc4 86. Rxa2 87. Bd5 88. a5 89. Qg3
90. a4+ 91. Kb4 92. Rag2 93. Qe3 94. Bg5 95. Qd4+ 96. Kh7 97. Qa7+ 98. Kh6 99.
Qxa4 100. Ra2 101. Qd7 102. Bf4 103. Qe6+ 104. Kg5 105. Qf5+ 106. Kh4 107. Qxf4+
108. Kh3 109. Qxd6 110. Ra7 111. Be6+ 112. Kg2 113. Qd2+ 114. Kg1 115. Qe3+ 116.
Kh1 117. Qxa7 1-0

[Event "Druzynowe Mistrzostwa Polski Juniorow - II liga"]
[Site "Sypniewo k. Jastrowia"]
[Date "2023-06-17"]
[Round "4.19"]
[White "Kulig, Pawel"]
[Black "Wolak, Maciej"]
[Result "1-0"]
[WhiteTitle "I"]
[BlackTitle "II"]
[WhiteElo "1969"]
[BlackElo "1317"]

1. d4 2. Nf6 3. c4 4. Nc6 5. Nf3 6. e6 7. a3 8. d6 9. Nc3 10. e5 11. Bg5 12. exd4
13. Nxd4 14. Nxd4 15. Qxd4 16. Be7 17. e4 18. O-O 19. Be2 20. Nd7 21. Bxe7 22.
Qxe7 23. Nd5 24. Qd8 25. b4 26. b6 27. O-O 28. Bb7 29. Rac1 30. Rc8 31. Rfd1 32.
f5 33. exf5 34. Rxf5 35. Bd3 36. Rf8 37. Qe4 38. g6 39. Ne7+ 40. Kf7 41. Qh4 42.
Qxe7 43. Qxh7+ 44. Ke8 45. Qxg6+ 46. Kd8 47. c5 48. Ne5 49. Qg3 50. Qf7 51. Bf1
52. Rh8 53. Qxe5 54. Rg8 55. cxd6 56. c5 57. bxc5 58. bxc5 59. Rxc5 60. Rxc5 61.
Qxc5 62. Ke8 63. d7+ 64. Kd8 65. Qa5+ 66. Ke7 67. d8=Q+ 68. Rxd8 69. Qxd8+ 1-0